Marketingový manažment strategický prístup k tvorbe hodnoty pre zákazníka
Guardado en:
| Autor principal: | |
|---|---|
| Otros Autores: | , , |
| Formato: | Libro |
| Lenguaje: | eslovaco |
| Publicado: |
Bratislava
GRADA
2025
|
| Edición: | 1. vydanie |
| Materias: | |
| Etiquetas: |
Sin Etiquetas, Sea el primero en etiquetar este registro!
|
MARC
| LEADER | 00000nam a2200000 4500 | ||
|---|---|---|---|
| 001 | 0314551 | ||
| 005 | 20260302095759.0 | ||
| 020 | |a 978-80-8305-113-3 | ||
| 041 | 0 | |a slo | |
| 044 | |a SK | ||
| 245 | 1 | 0 | |a Marketingový manažment |b strategický prístup k tvorbe hodnoty pre zákazníka |c Eva Hanuláková, Milan Oreský ; recenzenti: Miroslav Karlíček, Ján Hámorník |
| 250 | |a 1. vydanie | ||
| 264 | 1 | |a Bratislava |b GRADA |c 2025 | |
| 300 | |a 303 s. [13,84 AH] | ||
| 610 | 2 | 0 | |a marketing manažment |
| 610 | 2 | 0 | |a marketing strategický |
| 610 | 2 | 0 | |a hodnota pridaná ekonomická |
| 610 | 2 | 0 | |a spokojnosť zákazníkov |
| 610 | 2 | 0 | |a podnikanie |
| 610 | 2 | 0 | |a nákup |
| 610 | 2 | 0 | |a vzťahy medzipodnikové |
| 610 | 2 | 0 | |a trh |
| 610 | 2 | 0 | |a riadenie obchodu |
| 610 | 2 | 0 | |a výkonnosť podniku |
| 100 | 1 | |a Hanuláková, Eva, 1964- | |
| 700 | 1 | |a Oreský, Milan, 1956- | |
| 700 | 1 | |a Karlíček, Miroslav | |
| 700 | 1 | |a Hámorník, Ján | |